000 00689nam a2200289Ia 4500
005 20260324143458.0
008 008 260324s9999 xx 000 0 eng d
020 _a9781003607519
037 _aEBOOK
040 _aCRL
040 _beng
040 _cCRL
041 _2eng
041 _aeng
084 _qCRL
100 _aMarion Roberts
_91215780
245 0 _aLiving in a Man-Made World
245 0 _bGender Assumptions in Modern Housing Design
260 _bTaylor and Francis
260 _c1991
365 _a
365 _b135
856 _uhttp://www.taylorfrancis.com/books/9781003607519
942 _cEBOOK
999 _c1821237
_d1821237